| 000 | 01252cam a22001935a 4500 | ||
|---|---|---|---|
| 001 | L155179 | ||
| 008 | 120307s1656 xxk f 000 0 eng d | ||
| 035 | _a(Sirsi) u155179 | ||
| 041 | 0 | _aeng | |
| 100 | 1 |
_aPhillippes, Henry _dd. 1677 |
|
| 245 | 0 | 4 |
_aThe purchasers pattern _bIn two parts. The first shewing the true value of the purchase of any parcel of land or houses, by lease or otherwise. Also new tables of interest and rebate at 6 per cent. The second part, shewing the measuring of land, board and timber, and the false rules and deceits of many therein. Also the gauging of all vessels, with many other rules about weights and measures, and several tables of accounts, with many other rules and tables of daily use for most men. The third edition, much enlarged by Henry Philippes |
| 260 |
_aLondon _bprinted by R. and W. Leybourn, for Thomas Pierrepont, at the Sun in Pauls Churchyard _c1656. |
||
| 300 |
_a[16], 126, 123-240 p. _bill. (woodcuts), tables _c12o |
||
| 520 | _a"The purchasers pattern: the second part" has separate dated title page (F7r); pagination and register are continuous. | ||
| 583 |
_aCondition reviewed _c20120620 _lcondition level 1 |
||
| 651 | 4 |
_aGreat Britain _y1707- |
|
| 690 |
_aMeasurement _96256 |
||
| 942 | _n0 | ||
| 999 |
_c113372 _d113372 |
||